| 000 | 00565 a2200145 4500 | ||
|---|---|---|---|
| 082 | _a 378.242 | ||
| 100 |
_aMukhtiar Muhammad _992343 |
||
| 245 |
_aPKCERT: Vulnerability Detection System for Web Servers [Project BIT2] _cMukhtiar Muhammad |
||
| 260 |
_a Isalamabad, _b NUST School of Electrical Engineering & Computer Science, _c 2004. |
||
| 300 |
_axii, 70 p. _b : ill. _c 27 cm. |
||
| 440 |
_aCD-ROM _931586 |
||
| 500 | _aSupervisors : Dr. Arshad Ali, Mr. Ahsan Ahmad. | ||
| 856 | _uhttp://10.250.8.41:8080/xmlui/handle/123456789/28853 | ||
| 942 |
_cPR _k378.242 MUK _2ddc |
||
| 999 |
_c8910 _d8910 |
||